000 01214nam2a22002531 4500
001 RU\NLR\INFOCOMM6\5000077942
005 20250617145548.0
035 _a(NLR Aleph) 002728634
090 _a1941540
_c1941540
100 _a20050207d1966 |||y0rusy50 ca
101 0 _arus
102 _aRU
105 _ay ||||000|y
200 1 _aМетоды полиграфического исследования объектов трансологической экспертизы
_fА.Н. Василевский
210 _d1966
_aБ. м.
461 0 _1001RU\NLR\INFOCOMM6\5000077799
_12001#$aЭкспертная техника$fЮрид. комис. Совета Министров РСФСР. Центр. науч.-исслед. ин-т судебных экспертиз$vВып.10
_91940033
_cМ.
_d1963-
_fЮрид. комис. Совета Министров РСФСР. Центр. науч.-исслед. ин-т судебных экспертиз
_tЭкспертная техника
_vВып.10
700 1 _aВасилевский
_bА.Н.
_4070
801 1 _aRU
_bInfoComm
_c20050207
801 0 _aRU
_bNLR
_gPSBO
852 _aNLR
_jП22/1040
942 _cISSUE
980 _aNB
980 _aRUSPER